00687nam a2200241 a 4500001001300000003000900013005001700022008004100039020001000080082001900090100002700109245002100136260001900157300000900176500003500185505002900220650002200249700002700271902000800298942000700306952011900313999001300432nice12345678IN_TiNIC20260116011343.0050524s1350 naga grp 000 0 per  ac10000a500.80297bNAJ aNajeebuddin, Isphahani aUsoolul Mulhama. aNagpurbc1350 a132p aincludes index and biblioraphy2 aFour Parts Boun Together aIslam and Science1 aNajeebuddin, Isphahani bSRS cBK 001040708StackRoom-aHMIbHMId2007-06-11g100.00l0o500.80297 NAJp04583r2007-06-11v100.00w2005-05-24yBK c793d793